000 01044cam a2200229 4500
001 WB3815-07
008 020423n2002 000 0 eng u
035 _a(Sirsi) u117644
245 _aCommercial property parachute opens
260 _c2002
490 _aRICS Press Release
_v(pr042) 23 April 2002 (2)
520 _aThe latest RICS commercial property market survey, for 1Q 2002, shows that business confidence recovered from post September 11. Although 21% of surveyors reported a fall in business property sales and lettings over the 1Q 2002, 16% reported a rise. RICS Commercial property survey first quarter 2002 http://www.rics.org/ricscms/bin/show?class=PressRelease&template=/includes/showpr.html&id=721
590 _aWB
650 _aRICS COMMERCIAL PROPERTY SURVEY
650 _aLETTINGS
650 _aPROPERTY SALES
650 _aPROPERTY-COMMERCIAL PROPERTY-COMMERCIAL PROPERTY MARKET
650 _aTENANTS
650 _aLANDLORDS
690 _aPROPERTY-COMMERCIAL PROPERTY-COMMERCIAL PROPERTY MARKET
942 _n0
999 _c70048
_d70048